000 00467nam a22001817a 4500
003 OSt
005 20140310181755.0
008 121205t xxu||||| |||| 00| 0 eng d
020 _a971118107X
050 _aPL 6165.4
_b.M491 2002
082 _aFIL 899.2113
_bM46 2002
245 _aMoog /
_cB.S. Medina, Jr.
260 _aManila, Philippines:
_bDe La Salle University Press
_c2002
300 _a167 p. :
_c19 cm.
562 _e1
942 _2lcc
_cBK
999 _c3411
_d3411